Comentários à Lei nº 13.655/2018 : (Record no. 614)

MARC details
000 -LÍDER
Campo Fixo de Controle 00893nam a2200265 a 4500
001 - NÚMERO DE CONTROLE
Campo de Controle 614
003 - IDENTIFICAÇÃO DO NÚMERO DE CONTROLE
Campo de Controle BR-CuiBMT
005 - DATA E HORA DA ÚLTIMA ATUALIZAÇÃO
Campo de Controle 20231213132508.0
008 - DADOS FIXOS
Dados Fixos 231110s2019 mgba 000 0 por d
020 ## - INTERNATIONAL STANDARD BOOK NUMBER
Nº do ISBN 9788545006503
040 ## - AGÊNCIA CATALOGADORA
Código da Agência Catalogadora BR-CuiBMT
Agência que transcreveu o registro BR-CuiBMT
080 ## - Nº DA CLASSIFICAÇÃO DECIMAL UNIVERSAL
Nº Class. CDU 351
Nº edição CDU 2007
090 ## - NÚMERO DE CHAMADA
Nº classificação 351
Cutter M357c
100 1# - ENTRADA PRINCIPAL -- AUTOR PESSOAL
Nome pessoal Marques Neto, Floriano de Azevedo,
Datas associadas ao nome 1968-
245 10 - TÍTULO PRINCIPAL
Título principal Comentários à Lei nº 13.655/2018 :
Subtítulo (Lei da segurança para a inovação pública) /
Indicação de responsabilidade Floriano de Azevedo Marques Neto, Rafael Véras de Freitas.
260 ## - PUBLICAÇÃO, DISTRIBUIÇÃO, ETC.
Local de publicação Belo Horizonte :
Editora Fórum,
Data 2019.
300 ## - DESCRIÇÃO FÍSICA
N. páginas ou volumes 188 p. :
Ilustrações il. ;
Dimensões 21 cm
504 ## - NOTA DE BIBLIOGRAFIA, ETC.
Nota de bibliografia Inclui bibliografia.
590 ## - NOTA LOCAL
Nota local A Biblioteca possui a 1. reimpr. 2019.
650 ## - ASSUNTO TÓPICO
Cabeçalho tópico ou nome geográfico Administração pública
650 ## - ASSUNTO TÓPICO
Cabeçalho tópico ou nome geográfico Decisão administrativa
650 ## - ASSUNTO TÓPICO
Cabeçalho tópico ou nome geográfico Princípio da segurança jurídica
700 1# - ENTRADA SECUNDÁRIA -- NOME PESSOAL
Nome pessoal Freitas, Rafael Véras de
942 ## - ELEMENTOS DE ENTRADA ADICIONAIS (KOHA)
Fonte de classificação ou esquema de arquivamento Classificação Decimal Universal
Tipo de item do Koha Livros
Holdings
Estado: removido Estado: perdido Fonte de classificação ou esquema de arquivamento Estado: danificado Indisponível para empréstimo Localização permanente Localização atual Data de aquisição Total Checkouts Número de Chamada completo Código de barras Date last seen Número do exemplar Preço efetivo a partir de Tipo de item (Koha) Nota pública
    Classificação Decimal Universal     Biblioteca da Escola Superior de Contas do TCE/MT Biblioteca da Escola Superior de Contas do TCE/MT 13/08/2019   351 M357c BIBTCEMT23110434 10/11/2023 Ex. 1 10/11/2023 Livros  
    Classificação Decimal Universal     Biblioteca da Escola Superior de Contas do TCE/MT Biblioteca da Escola Superior de Contas do TCE/MT 22/11/2023   351 M357c BIBTCEMT23110828 22/11/2023 Ex. 2 22/11/2023 Livros 1. reimpr. 2019

Powered by Koha